000 00529nam a2200181 i 4500
001 142940
003 ES-MaACL
005 20230906200652.0
007 t|
008 071011s1961 sp ||||1| spa d
080 _a92(100)
100 1 _aVidal Isern, José.
_9114494
245 1 0 _aHombre de ayer
_b: semblanzas /
_cJosé Vidal Isern.
260 _aPalma de Mallorca :
_b[s.n.],
_c1961 (
_fImp. SS. Corazones)
300 _a151 p. :
_bil. ;
_c24 cm.
650 4 _aBiografías.
_910574
852 _aES-MaACL
_jC-19571
_bR.47159
999 _c142940
_d142940